La Contabilidad de costos: un enfoque gerencial
-д хадгалсан:
| Үндсэн зохиолч: | |
|---|---|
| Формат: | Ном |
| Хэл сонгох: | испани |
| Хэвлэсэн: |
Englewood Cliffs
Prentice-Hall
1977
|
| Нөхцлүүд: | |
| Шошгууд: |
Шошго нэмэх
Шошго байхгүй, Энэхүү баримтыг шошголох эхний хүн болох!
|
MARC
| LEADER | 00000nam a2200000 a 4500 | ||
|---|---|---|---|
| 001 | UCR3540 | ||
| 003 | CL-VaPUC | ||
| 008 | 980124e19770000us |||||||||||||||||spa|d | ||
| 082 | 0 | 4 | |a 657.42 |b HOR |2 21 |
| 100 | |a Horngren, Charles T |e author |9 590581 | ||
| 245 | 1 | 3 | |a La Contabilidad de costos: un enfoque gerencial |
| 300 | |a 978 p | ||
| 942 | |c BK | ||
| 945 | |d 19980124 00:00:00 |a aolguin | ||
| 260 | |a Englewood Cliffs |b Prentice-Hall |c 1977 | ||
| 650 | 0 | |a Contabilidad de costos |9 260564 | |
| 650 | 0 | |a Contabilidad gerencial |9 263747 | |
| 650 | 0 | |a Costes de producción |9 263894 | |
| 650 | 0 | |a Análisis de costos |9 315627 | |
| 650 | 0 | |a Inversiones |9 261520 | |
| 650 | 0 | |a Inventarios |9 263681 | |
| 650 | 0 | |a Control de inventario |9 263777 | |
| 650 | 7 | |a SISTEMA DE CONTABILIDAD |2 CL-VaPUC |9 402459 | |
| 650 | 0 | |a Precios |9 260787 | |
| 650 | 7 | |a MEDICION DEL DESEMPEÑO |2 CL-VaPUC |9 402460 | |
| 583 | |a last modification |c 20150424 04:42:01 |k Rodrigo Vera | ||
| 999 | |c 266599 |d 266597 | ||
| 952 | |0 0 |1 0 |4 0 |6 657_420000000000000_HOR_1977 |7 0 |8 P |9 298355 |a BIBGIM |b BIBGIM |d 2019-11-20 |i 1943200 |o 657.42 HOR 1977 |p 1943200 |r 2025-01-15 |w 2019-11-20 |y BK |k COM | ||